000 01187nmc a2200385 a 4500
003 AR-BaBNM
005 20251128211731.0
008 306020s2006 ||||||||||||||000 | spa||
020 _a987-538-153-5
040 _cAR-BaBNM
245 1 0 _aLa escuela frente al límite
_bactores emergentes y transformaciones estructurales : contingencias e intereses
250 _a1ª ed.
260 _aBuenos Aires
_bNoveduc
_c2006
300 0 _a143 p.
490 0 _aEnsayos y experiencias
_vv. 62
650 4 _aPAPEL DE LA ESCUELA
650 4 _aEDUCABILIDAD
650 4 _aINFANCIA
650 4 _aPEDAGOGIA
650 4 _aPRAXIS EDUCATIVA
653 0 _aSUJETO EDUCATIVO
700 1 _aOspina, Héctor Fabio
_ecompilador
700 1 _aNarodowski, Mariano
_ecompilador
700 1 _aMartínez Boom, Alberto
_ecompilador
700 1 _aCarriego, Cristina
700 1 _aArellano Duque, Germán Antonio
700 1 _aSaldarriaga Vélez, Jaime A.
700 1 _aZapata Villegas, Víctor Vladimir
700 1 _aOssa Montoya, Arley Fabio
700 1 _aMuñoz Gaviria, Diego Alejandro
700 1 _aBaquero, Ricardo
800 1 _aKaplan, Daniel
942 _cBK
998 _cme-solo cat
999 _c20888
_d20888